000 00246nam a22001217a 4500
040 _cSK
082 _a111
100 _aNA
245 _aFaculty of agricultural technology and management
260 _aRUA
_bNA
_c1995
300 _a9p.
942 _cEK
999 _c8725
_d8725